STN EN ISO 9100-1 Sklené obaly. Ústia na vákuové uzávery Časť 1 Všeobecné

Bibliographic Details
Format: Book
Language:Slovak
PhysicalDescription:8 s.
Published: Bratislava Slovenský ústav technickej normalizácie 2005

MARC

LEADER 00000nam a2200000 a 4500
001 vtls008307606
003 SK-MaSNL
005 20260223181417.0
008 160624s xo u 000 0 slo
015 |a SNBN2013 
040 |a SNK  |b slo  |c SNK  |e AACR2 
041 0 |a slo 
245 0 0 |a STN EN ISO 9100-1 Sklené obaly. Ústia na vákuové uzávery  |n Časť 1  |p Všeobecné 
260 |a Bratislava  |b Slovenský ústav technickej normalizácie  |c 2005 
300 |a 8 s. 
999 |c 648413  |d 650343 
952 |a SNK  |b SNK  |y PREZ  |7 0  |p 17A0487639  |o snkSTN EN ISO 9001-1 D1  |i snk2005/18651  |8 0  |0 0  |1 0  |4 0  |d 2005-11-07  |l 0  |r 2026-02-23 18:14:17  |w 2026-02-23 
952 |a SNK  |b SNK  |y PREZ  |7 0  |p 17A0487619  |o snkSTN EN ISO 9100-1  |i snk2005/18650  |8 0  |0 0  |1 0  |4 0  |d 2005-11-07  |l 0  |r 2026-02-23 18:14:17  |w 2026-02-23